Portogiesische Zahlen lernen - Statistiken

Allgemein
  • Dieses Quiz wurde 18 mal gespielt
  • Das Durchschnittsergebnis liegt bei 13 aus 15
Antwortstatistiken
Hint Antwort % Korrekt
três Drei
100%
nove Neun
100%
seis Sechs
100%
quatro Vier
100%
dois Zwei
100%
sete Sieben
94%
dez Zehn
94%
oito Acht
83%
um Eins
83%
cinco Fünf
83%
cinquenta Fünfzig
83%
trinta Dreißig
78%
quarenta Vierzig
78%
vinte Zwanzig
78%
cem Eins
6%
Keine übereinstimmenden Quizze gefunden
Verteilung der Resultate
Anzahl Personen mit jedem Resultat
Perzentil nach korrekt beantworteten Fragen
Ihre Resultats-Entwicklung
Sie haben dieses Quiz noch nicht gespielt